| 000 | 00537nam a22001337a 4500 | ||
|---|---|---|---|
| 040 | _cNUST | ||
| 082 | _a220 PRO | ||
| 100 |
_aUmm-e- Habiba Hussnain Ahmad Urooj Mehboob Muhammad Usama _985697 |
||
| 110 |
_aProject Supervisor Brig Dr. Tahir Zaidi Brig Dr Shoab Ahmad Khan _985698 |
||
| 245 | _aPR-SOF-2070-Real-Time Monitoring Analysis and Predictive Maintenance of Industrial Machinery Based on Industry 4.0 Concept Using Iots | ||
| 260 |
_aISLAMABAD: _bNUST COLLEGE OF EME, _c2021. |
||
| 650 |
_aDE-ELECT-39 _985699 |
||
| 942 |
_2ddc _cPR |
||
| 999 |
_c587061 _d587061 |
||